Challenges and support for novice EFL teachers : Master of Education. Program Principles and methods in English language education

This paper aims to investigate challenges novice EFL teachers face and support avaiable to them in their induction on first years of teaching

Đã lưu trong:
Sonraí Bibleagrafaíochta
Príomhúdar: Đặng, Thị Ngọc Huyền
Formáid: Leabhar
Teanga:Undetermined
Foilsithe: Can Tho Can Tho university 2016
Ábhair:
Clibeanna: Cuir Clib Leis
Gan Chlibeanna, Bí ar an gcéad duine leis an taifead seo a chlibeáil!
Thư viện lưu trữ: Trung tâm Học liệu Trường Đại học Cần Thơ
LEADER 00921nam a2200229Ia 4500
001 CTU_213701
008 210402s9999 xx 000 0 und d
082 |a 428.2407 
082 |b H527 
088 |a 60140111 
100 |a Đặng, Thị Ngọc Huyền 
245 0 |a Challenges and support for novice EFL teachers : 
245 0 |b Master of Education. Program Principles and methods in English language education 
245 0 |c Đặng Thị Ngọc Huyền ; Trịnh Quốc Lập (Supervisor) 
260 |a Can Tho 
260 |b Can Tho university 
260 |c 2016 
520 |a This paper aims to investigate challenges novice EFL teachers face and support avaiable to them in their induction on first years of teaching 
650 |a Tiếng Anh,English language 
650 |x Dạy và học,Study and teaching 
904 |i Nguyên 
980 |a Trung tâm Học liệu Trường Đại học Cần Thơ